000 00494nam a2200205Ia 4500
008 170918s9999 xx 000 0 und d
020 _a9780721415581
050 _bR961 1993
100 _aRussell, Chris
245 _aGoldilocks and the three bears /
245 _cChris Russell.
260 _aNew York :
260 _bScholastic,
260 _c1993
300 _aunpaged :
300 _bcolored illustration ;
300 _c18cm.
440 _aFavourite tales.
500 _a360
999 _c341224
_d341224